000 00846nam a22002537a 4500
005 20170124105937.0
010 _a813115
020 _c00.00
035 _a813115
037 _bCen Lib/Ret
040 _aDPL
_bEN
082 _a354.54
_bISH
100 _aIshwar, Dayal
_910304
245 _aDistrict administration :
_cby Ishwar Dayal, Kuldeep Mathur [and] Mohit Bhattacharya
_ba survey for reorganisation /
260 _bNew Delhi
_aThe Macmillian Company
_c1976
270 _aA-38/3 Mayapuri
_bNew Delhi
_e110027
300 _avii,91p.
_c20cm(Hb)
500 _aIncludes bibliographic references and index
650 _vDistrict administration
_957275
650 _aAdministration of economy
_910306
700 _aMathur, Kuldeep
_957276
700 _aBhattacharya, Mohit
_915422
942 _2ddc
_cEN
_h354.54
_mISH
999 _c124309
_d124309